Carregando...
മലയാളം വാരിക 1999 ജനുവരി - മാര്ച്ച് /
| Formato: | Printed Book |
|---|---|
| Idioma: | English |
| LEADER | 00369nam a22000977a 4500 | ||
|---|---|---|---|
| 008 | 141202b xxu||||| |||| 00| 0 eng d | ||
| 245 | |a മലയാളം വാരിക 1999 ജനുവരി - മാര്ച്ച് / | ||
| 300 | |a 0 | ||
| 942 | |2 ddc |c BK | ||
| 999 | |c 8775 |d 8775 | ||
| 952 | |0 0 |1 0 |2 ddc |4 0 |7 0 |9 12514 |a MAIN |b MAIN |d 2014-12-04 |l 2 |p 13076 |r 2017-12-20 |s 2017-12-19 |w 2014-12-04 |y BK | ||